000
00319nam a2200145Ia 4500
999
_c
5594
_d
5594
003
OSt
008
191201s2013 xx 000 0 und d
100
_a
NEVILLE,AM
245
0
_a
Concrete Technology
250
_a
Rep
260
_a
N. delhi
_b
pearson
_c
2013
300
_a
452
650
_a
B.Tech(CE)
942
_2
ddc
_c
BK
_0
2